期刊信息 |
| 索取号 |
O4/TPT
|
| 题名 |
THE PHYSICS TEACHER
|
| 作者 |
Christopher Chiaverina etc.
|
| 分册号 |
|
| 分册名 |
|
| 出版地 |
BERWYN ROAD
|
| 出版者 |
DEPARTMENT OF PHYSICS,UNIVERSITY OF RHODE ISLAND,KINGSTON,RI02881
|
| 标准刊号 |
0031-921X
|
| 出版频率 |
月刊
|
| 中图法分类 |
O4
|
| 主题词 |
物理学
|
| 电子资源 | |
| |
|
| 000 | 00764nas0 2200193 45 | |
| 001 | 0734373952 | |
| 005 | 20070416094104.12 | |
| 011 | @a0031-921X | |
| 100 | @a20070416d km y0chiy0120 ea | |
| 101 | 0 | @aeng |
| 200 | 1 | @aTHE PHYSICS TEACHER@fChristopher Chiaverina etc. |
| 207 | @aThe Physics Teacher is published monthly except June,July,and August by the American Association of Physics Teachers,Dept.of Physics and Astronomy,Univ.of Maryland,College Park.MD20742 at College Park,MD and additional mailing offices. | |
| 210 | @aBERWYN ROAD@cDEPARTMENT OF PHYSICS,UNIVERSITY OF RHODE ISLAND,KINGSTON,RI02881 | |
| 326 | @a月刊 | |
| 606 | 0 | @a物理学 |
| 690 | @aO4@v4 | |
| 701 | 0 | @aChristopher Chiaverina etc. |
| 801 | 0 | @aCN@bPFT@c20070416 |
| 905 | @aTJWY@dO4@eTPT | |
| THE PHYSICS TEACHER/Christopher Chiaverina etc.-The Physics Teacher is published monthly except June,July,and August by the American Association of Physics Teachers,Dept.of Physics and Astronomy,Univ.of Maryland,College Park.MD20742 at College Park,MD and additional mailing offices.-BERWYN ROAD:DEPARTMENT OF PHYSICS,UNIVERSITY OF RHODE ISLAND,KINGSTON,RI02881 |
| ISSN 0031-921X |
| ● |
| 相关链接: |
|
|
|
|